01396nam a22002297a 45000010005000000030006000050050017000110080041000280200018000690400029000870500009001160820012001251000019001372450228001562600044003843000049004285050007004775200613004845210027010975210018011246500024011426610FISKH20250513113327.0250513b cb ||||| |||| 00| 0 eng d a9789971056810 aFISKHbengcFISKHdFISKH aPZ7  a428.24  aKeng, lim Kwee aPets : bNew English team ( Primary) /cPreject Director : Betsy Lim Hai Boey ; Specialist Writers ; Lim Kwee Keng, Frances Lew Kiak Yee, Suchen Christine Lim, Helen Quek Pway Ngiok, Olivia Soh Kang Sock, Catherine Zuzarte. aBukit Timah : bEPB Publisher, c1991.  a107 pages : bcolor illustrations ; c25 cm  aM  aPrimary English Thematic Series: Pets Course Book 2A is an English language textbook designed for young learners at the primary level. The book uses the theme of pets to teach vocabulary, sentence structures, and basic grammar in an engaging and age-appropriate way. Through colorful illustrations, short reading passages, simple dialogues, and fun activities, students learn to identify and describe different pets, express preferences, and use common action words related to pet care. The book also promotes speaking, listening, reading, and writing skills with a strong focus on real-life communication. 8 a530 bLexile estimate 8 aM bRaz-Plus  aCourse Book vPets